000 00561nam a2200205 4500
003 OSt
005 20180423171924.0
008 160412b xxu||||| |||| 00| 0 eng d
020 _a0091731666
040 _c040a
082 _a331.12
_bSHA 1989
100 _aMallier, Tony; Shafto, Toney
_97789
245 _aThe Economics of Labour Markets and Management
260 _aLondon;
_bHutchinson,
_c1989
300 _aviii, 336p;
_bill :
_c11 cm.
504 _aIncludes index
650 _aLabour market
_912622
650 _aManagement
_9364
942 _2ddc
_cSLOAN
999 _c3485
_d3485